000 00601nam a2200181 i 4500
001 70554
003 ES-MaACL
005 20250907063047.0
007 t|
008 040728s1923 sp ||||1| spa d
100 1 _aGarcía Villada, Zacarías,
_d1879-1936
_955406
245 1 0 _aPaleografía española precedida de una introducción sobre la Paleografía latina /
_cZacarías García Villada.
260 _aMadrid :
_b[s.n.,
_c1923] (
_fBlass)
300 _a2 v. ;
_c20 cm.
650 0 4 _aPaleografía-
_zEspaña.
_915804
852 _aES-MaACL
_jB-4348-4349
_bR.5072
999 _c70554
_d70554